Attack on Titan Cadet Corps Rankings - Statistics

General Stats
  • This quiz has been taken 335 times
  • The average score is 9 of 10
Answer Stats
Hint Answer % Correct
1st Mikasa Ackerman
100%
2nd Reiner Braun
94%
4th Annie Leonhart
90%
5th Eren Jaeger
89%
6th Jean Kirschtein
88%
3rd Bertholdt Hoover
87%
8th Connie Springer
84%
9th Sasha Braus
84%
10th Historia Reiss
80%
7th Marco Bodt
80%
No matching quizzes found
Score Distribution
Percent of People with Each Score
Percentile by Number Answered
Your Score History
You have not taken this quiz